Statystyki dla Skoki Narciarskie-rekordy

Kliknij tutaj aby rozwiązać quiz!

Ogólne statystyki

  • Ten quiz został rozwiązany 619 razy
  • Średni wynik to 10 z 15

Statystyki odpowiedzi

RekordSkoczek% Poprawnych
Najdłuższy skokKraft
94%
Wygrane czwórką (cztery pierwsze miejsca z jednego kraju)Austria|Słowenia
87%
Najwięcej kryształowych kuliMałysz|Nykanen
87%
Najwięcej zwycięstw w PŚ (kraje)Austria
86%
Najwięcej wygranych konkursów drużynowychAustria
86%
Najwięcej podium Pucharu ŚwiataAhonen
77%
Najwięcej zwycięstw w jednym sezonie Pucharu ŚwiataPrevc
77%
Najwięcej punktów w jednym sezonie Pucharu ŚwiataPrevc
77%
Najstarszy zwycięzca konkursu Pucharu ŚwiataKasai
74%
Najwięcej zwycięstw pucharu ŚwiataSchlierenzauer
63%
Najwięcej medali OlimpijskichAmmann
61%
Najdłuższy skok na dużej skoczniMurańka
61%
Najmłodszy zwycięzca konkursu Pucharu Świata w XXI wiekuMorgenstern
34%
Najwyższe noty po 2 skokach w Pucharze Świata (bez lotów)Kofler
19%
Zawodnik który wygrał największą liczbą punktów nad 2 miejscemFelder
4%

Rozkład punktacji

Percentyl według liczby udzielonych odpowiedzi

Procent ludzi z każdym wynikiem

Twoja historia wyników

Nie rozwiązałeś tego quizu